| 000 | 00717nam a2200181 a 4500 | ||
|---|---|---|---|
| 001 | 000046039 | ||
| 005 | 20250307114820.0 | ||
| 008 | 150612s1991 dr 000 0 spa d | ||
| 040 |
_aDO-SdBNP _bspa _cBNPHU |
||
| 100 | 1 |
_aSoto Tejeda, Luis Marcos _974114 |
|
| 245 | 1 | 0 |
_aSupervisión fiscalización bancaria : _bexperiencia dominicana / _cLuis Marcos Soto Tejeda ; prólogo Arturo Martínez Moya. |
| 260 |
_aSanto Domingo, : _bCEMYB, _c1991. |
||
| 490 | 1 | _aEstudios | |
| 500 | _aIncluye datos biografícos del autor en la contraportada. | ||
| 710 | 2 |
_aCentro de Estudios Monetarios y Bancarios (Santo Domingo, República Dominica) _96023 |
|
| 700 | 1 |
_aMartínez Moya, Arturo _epról. _961113 |
|
| 830 | 0 |
_aEstudios _93854 |
|
| 999 |
_c45528 _d45528 |
||